| 000 | 00713cam a2200265 4500500 | ||
|---|---|---|---|
| 005 | 20260405003555.0 | ||
| 041 | _afre | ||
| 042 | _adc | ||
| 100 | 1 | 0 |
_aLegros, Martin _eauthor |
| 245 | 0 | 0 | _aBornes d’abondance |
| 260 | _c2022. | ||
| 500 | _a9 | ||
| 690 | _aAbondance | ||
| 690 | _aCrise | ||
| 690 | _aÉnergie | ||
| 690 | _aLimites | ||
| 690 | _aPacte social | ||
| 690 | _aPénurie | ||
| 690 | _aPierre Charbonnier | ||
| 690 | _aSatisfaction | ||
| 690 | _aSobriété | ||
| 690 | _aVertu | ||
| 786 | 0 | _nPhilosophie magazine | 163 | 10 | 2022-10-01 | p. 26-26 | 1951-1787 | |
| 856 | 4 | 1 | _uhttps://shs.cairn.info/magazine-philosophie-magazine-2022-10-page-26?lang=fr&redirect-ssocas=7080 |
| 999 |
_c2068885 _d2068885 |
||